000
00342nam a2200145Ia 4500
008
191201s2011 xx 000 0 und d
082
_a
658.007
_b
CHR
100
_a
CHAWLA,Deepak
245
0
_a
Research Methodology
250
_a
1st
260
_a
N. Delhi
_b
Vikas Publication House
_c
2011
300
_a
670
650
_a
MBA
942
_2
ddc
_c
BK
999
_c
5197
_d
5197